Innovación: algunas dimensiones

Salvato in:
Dettagli Bibliografici
Autore principale: Pizarro Contador, Crisóstomo (autor)
Natura: Libro
Lingua:spagnolo
Pubblicazione: Valparaíso Foro de Altos Estudios Sociales Valparaíso 2012
Serie:Cuadernos del Foro Valparaíso, 11
Soggetti:
Tags: Aggiungi Tag
Nessun Tag, puoi essere il primo ad aggiungerne!!

MARC

LEADER 00000cam a2200000 a 4500
001 UCF2110
003 CL-VaPUC
008 120810e20120400CL |||||||||||||||||spa|d
082 0 4 |a 379.154  |b PIZ  |2 21 
100 |a Pizarro Contador, Crisóstomo  |e autor  |9 605677 
245 1 0 |a Innovación: algunas dimensiones 
300 |a 61 p 
942 |c BK 
945 |d 20120810 00:00:00  |a dcastane 
260 |a Valparaíso  |b Foro de Altos Estudios Sociales Valparaíso  |c 2012 
650 0 |a Innovaciones pedagógicas  |9 307471 
650 7 |a INNOVACIONES TECNOLOGICAS  |2 CL-VaPUC  |9 563718 
583 |a last modification  |c 20160914 11:47:23  |k Rodrigo Vera 
490 0 |a Cuadernos del Foro Valparaíso, 11 
999 |c 348761  |d 348759 
952 |0 0  |1 0  |4 0  |6 379_154000000000000_PIZ_2012  |7 0  |8 A  |9 450932  |a BIBING  |b BIBING  |d 2019-11-22  |i 4887778  |o 379.154 PIZ 2012  |p 4887778  |r 2025-01-20  |w 2019-11-22  |y BK  |k EII